Eastern Utah Libraries Catalog: Duchesne, Heber, Roosevelt, & Vernal

Meet Space Fairy Lilyfay!. (Record no. 398780)

MARC details
000 -LEADER
fixed length control field 01440nam a2200373 i 4500
001 - CONTROL NUMBER
control field zcodcb b8447807
003 - CONTROL NUMBER IDENTIFIER
control field PWmBRO
005 - DATE AND TIME OF LATEST TRANSACTION
control field 20240722135920.0
007 - PHYSICAL DESCRIPTION FIXED FIELD--GENERAL INFORMATION
fixed length control field t||
008 - FIXED-LENGTH DATA ELEMENTS--GENERAL INFORMATION
fixed length control field 230926s2023 nyua a 000 1 eng d
020 ## - INTERNATIONAL STANDARD BOOK NUMBER
International Standard Book Number 9781665946438
020 ## - INTERNATIONAL STANDARD BOOK NUMBER
International Standard Book Number 1665946431
020 ## - INTERNATIONAL STANDARD BOOK NUMBER
Cancelled/invalid ISBN 9781665946445
040 ## - CATALOGING SOURCE
Original cataloging agency PABRO
Language of cataloging eng
Description conventions rda
Transcribing agency PABRO
092 ## - LOCALLY ASSIGNED DEWEY CALL NUMBER (OCLC)
Classification number children picture book
Item number PJ Masks
245 00 - TITLE STATEMENT
Title Meet Space Fairy Lilyfay!.
246 1# - VARYING FORM OF TITLE
Display text At head of title:
Title proper/short title Power heroes.
264 #1 - Production, Publication, Distribution, Manufacture, and Copyright Notice.
Place of production, publication, distribution, manufacture New York :
Name of producer, publisher, distributor, manufacturer Simon Spotlight,
Date of production, publication, distribution, manufacture, or copyr 2023.
300 ## - PHYSICAL DESCRIPTION
Extent 1 volume (unpaged) :
Other physical details color illustrations ;
Dimensions 21 cm.
336 ## - Content Type
Content type term text
337 ## - Media type
Media type term unmediated
338 ## - Carrier type
Carrier type term volume
490 1# - SERIES STATEMENT
Series statement PJ Masks.
520 ## - SUMMARY, ETC.
Summary, etc The Power Heroes meet someone new in this 8x8 storybook based on an episode of Disney Junior's hit show PJ Masks! When Luna Girl and Motsuki capture Space Fairy Lilyfay, Newton Star is ready to help. But Lilyfay has powers too, and she can help herself-she's a hero!
650 #0 - SUBJECT ADDED ENTRY--TOPICAL TERM
Topical term or geographic name as entry element Superheroes
Form subdivision Juvenile fiction.
650 #0 - SUBJECT ADDED ENTRY--TOPICAL TERM
Topical term or geographic name as entry element Friendship
Form subdivision Juvenile fiction.
9 (RLIN) 5673647
650 #1 - SUBJECT ADDED ENTRY--TOPICAL TERM
Topical term or geographic name as entry element Superheroes
Form subdivision Fiction.
9 (RLIN) 5673961
650 #1 - SUBJECT ADDED ENTRY--TOPICAL TERM
Topical term or geographic name as entry element Friendship
Form subdivision Fiction.
9 (RLIN) 5673769
650 #1 - SUBJECT ADDED ENTRY--TOPICAL TERM
Topical term or geographic name as entry element Adventure and adventurers
Form subdivision Fiction.
9 (RLIN) 102533
655 #0 - INDEX TERM--GENRE/FORM
Genre/form data or focus term Adventure stories.
9 (RLIN) 5680139
730 0# - ADDED ENTRY--UNIFORM TITLE
Uniform title PJ Masks (Television program)
9 (RLIN) 5735407
830 #0 - SERIES ADDED ENTRY--UNIFORM TITLE
Uniform title PJ Masks (Series)
9 (RLIN) 5769001
942 ## - ADDED ENTRY ELEMENTS (KOHA)
Source of classification or shelving scheme Dewey Decimal Classification
Koha item type BOOK
Holdings
Withdrawn status Lost status Source of classification or shelving scheme Damaged status Not for loan Collection code Home library Current library Shelving location Date acquired Source of acquisition Total Checkouts Full call number Barcode Date last seen Date checked out Cost, replacement price Price effective from Koha item type
    Dewey Decimal Classification     Children Picture Books Wasatch County Library Wasatch County Library Main Floor Childrens Area 07/22/2024 Penworthy 2 E PJ Masks 34301002121962 03/17/2025 03/10/2025 16.96 07/22/2024 BOOK
This project was made possible through a grant from the Institute of Museum and Library Service administered by the Utah State Library Division.

Wasatch County Library

  • 465 East 1200 South, Heber City, Utah 84032
  • Phone 435-654-1511 | Fax 435-654-6456

Hours

  • Monday - Friday 9:30 AM - 8:00 PM
  • Saturday 9:30 AM - 1:30 PM
  • Closed Sundays and Holidays